=LDR 00000nam 2200000 4500 =001 INLIS000000000006992 =005 20251119113140 =035 ##$$a 0010-1125000866 =007 ta =008 251119################g##########0#ind## =020 ##$$a 978-602-04-5981-3 =082 ##$$a 612.65 =084 ##$$a 612.65 REN a =100 #$$a Rendi Aji Prihaningtyas =245 1#$$a Anak obesitas : $b dampak pada kesehatan dan perkembangan /$c Rendi Aji Prihaningtyas, dkk; Irwanto (editor) =250 ##$$a Cetakan 1 =260 ##$$a Jakarta :$b Elex Media Komputindo,$c 2018 =300 ##$$a viii, 196 hlm. : $b ilus. ; $c 21 cm =650 #4$$a Kesehatan Anak =650 #4$$a Perkembangan Anak =700 #$$a Irwanto